[Event "Open Inverno"]
[Site "Ceriano Laghetto ITA"]
[Date "2009.03.03"]
[Round "5"]
[White "Guzzetti, Luigi Enrico"]
[Black "Regorda, Massimiliano"]
[Result "1/2-1/2"]
[WhiteElo "1854"]
[BlackElo "1919"]
[PlyCount "92"]
[EventDate "2009.02.03"]

1. e4 d5 2. exd5 Qxd5 3. Nc3 Qa5 4. Nf3 Nf6 5. Be2 c6 6. O-O Bg4 7. d4 e6 8.
Bd2 Bb4 9. Ne5 Bxe2 10. Qxe2 Nbd7 11. Nc4 Qf5 12. a3 Be7 13. Ne3 Qg6 14. f4 O-O
15. f5 Qh5 16. Qxh5 Nxh5 17. Ne4 Nhf6 18. Ng5 Nd5 19. Nxd5 exd5 20. Rae1 Bd6
21. Bf4 Bxf4 22. Rxf4 Rfe8 23. Rff1 Nf6 24. Re5 h6 25. Nh3 Rxe5 26. dxe5 Ng4
27. Re1 Re8 28. e6 fxe6 29. fxe6 g5 30. Nf2 Nxf2 31. Kxf2 Kg7 32. Kg3 c5 33.
Re5 b6 34. Rxd5 Rxe6 35. Rd7+ Kg6 36. Rxa7 Kf5 37. Rf7+ Ke4 38. Rf1 Rd6 39.
Re1+ Kf5 40. Rf1+ Kg6 41. h3 h5 42. Rf2 Rd4 43. Re2 Kf5 44. Rf2+ Ke4 45. Re2+
Kd5 46. Kf2 Rf4+ 1/2-1/2

[Event "Open Inverno"]
[Site "Ceriano Laghetto ITA"]
[Date "2009.03.03"]
[Round "5"]
[White "Moioli, Ferruccio"]
[Black "Moroni, Luca jr"]
[Result "1-0"]
[WhiteElo "1584"]
[BlackElo "1545"]
[PlyCount "43"]
[EventDate "2009.02.03"]

1. d4 d5 2. c4 e6 3. a3 Nf6 4. Bg5 h6 5. Bh4 Be7 6. e3 c6 7. Nc3 Nbd7 8. Nf3
O-O 9. Be2 dxc4 10. Bxc4 Nb6 11. Ba2 Nfd5 12. Bxe7 Qxe7 13. Qd3 Nxc3 14. bxc3
Nd7 15. O-O e5 16. Nd2 exd4 17. cxd4 Nf6 18. Nc4 Rd8 19. Ne5 Qxe5 20. dxe5 Rxd3
21. exf6 gxf6 22. Bb1 1-0

[Event "Open Inverno"]
[Site "Ceriano Laghetto ITA"]
[Date "2009.03.03"]
[Round "5"]
[White "Origgio, Stefano"]
[Black "Cervini, Gian Piero"]
[Result "1-0"]
[WhiteElo "1551"]
[BlackElo "1819"]
[PlyCount "128"]
[EventDate "2009.02.03"]

1. d4 Nf6 2. c4 g6 3. Nc3 Bg7 4. e4 d6 5. f3 O-O 6. Be3 c5 7. Nge2 Nc6 8. d5
Ne5 9. Nc1 e6 10. Be2 exd5 11. cxd5 Ne8 12. Qd2 f5 13. f4 Nf7 14. exf5 Bxf5 15.
Bd3 Nh6 16. N1e2 Nf6 17. h3 Bxd3 18. Qxd3 Nf5 19. O-O-O Nxe3 20. Qxe3 Re8 21.
Qf3 b5 22. Nxb5 Qb6 23. Nec3 Rab8 24. Rd2 a6 25. Na3 Qb4 26. Re2 Rxe2 27. Qxe2
Qxf4+ 28. Kb1 Nxd5 29. Qe6+ Qf7 30. Qxf7+ Kxf7 31. Nxd5 Rxb2+ 32. Kc1 Rxg2 33.
Rf1+ Ke8 34. Nc7+ Ke7 35. Nc2 a5 36. Nd5+ Ke8 37. Nf6+ Ke7 38. Nxh7 Rg3 39.
Re1+ Be5 40. h4 Rh3 41. Ng5 Rxh4 42. Nf3 Ra4 43. Nxe5 dxe5 44. Rxe5+ Kd6 45.
Rg5 Rxa2 46. Rxg6+ Kd5 47. Rg4 c4 48. Ne3+ Kc5 49. Rxc4+ Kb5 50. Re4 Rh2 51.
Nc2 Rh5 52. Kb2 Ka6 53. Ka3 Rb5 54. Ka4 Rb2 55. Re6+ Rb6 56. Re8 Rb7 57. Ne3
Rb4+ 58. Ka3 Kb5 59. Nd5 Rd4 60. Nc3+ Kb6 61. Na4+ Kb5 62. Rb8+ Ka6 63. Nc3 Rb4
64. Ra8+ Kb7 1-0

[Event "Open Inverno"]
[Site "Ceriano Laghetto ITA"]
[Date "2009.03.03"]
[Round "5"]
[White "Pellegrini, Fabio"]
[Black "Fusi, Claudio"]
[Result "0-1"]
[WhiteElo "1423"]
[BlackElo "1586"]
[PlyCount "108"]
[EventDate "2009.02.03"]

1. e4 e5 2. Bc4 Nf6 3. Nf3 d6 4. d3 Be7 5. O-O O-O 6. h3 Nbd7 7. Nc3 c6 8. a3
Nb6 9. Ba2 a5 10. Nh2 Nbd7 11. f4 exf4 12. Rxf4 Ne5 13. Kh1 Ng6 14. Rf1 Qb6 15.
Qe1 Be6 16. Qe3 Qc7 17. Bxe6 fxe6 18. Ne2 d5 19. Nd4 Qe5 20. exd5 exd5 21. Qxe5
Nxe5 22. Bg5 Rf7 23. Rae1 Ned7 24. Ne6 h6 25. Bh4 g5 26. Bg3 Nh5 27. Rxf7 Nxg3+
28. Kg1 Kxf7 29. Nf3 Rg8 30. Kf2 Nf5 31. g4 Ng7 32. Nxg7 Rxg7 33. d4 Bd6 34.
Re3 b6 35. Kg2 Rg6 36. Rc3 c5 37. dxc5 Bxc5 38. Rd3 d4 39. b4 axb4 40. axb4
Bxb4 41. Rxd4 Bd6 42. h4 Ke6 43. hxg5 hxg5 44. Ra4 Nf6 45. Nd4+ Kd5 46. Nf5 Nd7
47. Ra7 Ne5 48. Ra4 Nc6 49. Ra6 Bc5 50. Ra4 Re6 51. c3 Re4 52. Rxe4 Kxe4 53.
Ng3+ Kd3 54. Kf1 Be7 0-1

[Event "Open Inverno"]
[Site "Ceriano Laghetto ITA"]
[Date "2009.03.03"]
[Round "5"]
[White "Regorda, Vittorio"]
[Black "Clerici, Samuele"]
[Result "1/2-1/2"]
[WhiteElo "1848"]
[BlackElo "1773"]
[PlyCount "73"]
[EventDate "2009.02.03"]

1. d4 d5 2. c4 c6 3. Nc3 Nf6 4. Nf3 Bf5 5. e3 e6 6. Nh4 Bg4 7. Qb3 b6 8. h3 Bh5
9. g4 Ne4 10. Nxe4 Qxh4 11. Ng3 dxc4 12. Bxc4 Bg6 13. Bd2 Bd6 14. O-O-O b5 15.
Bd3 Bxd3 16. Qxd3 Bxg3 17. fxg3 Qxg3 18. Bb4 Na6 19. Ba3 Rb8 20. b3 Qc7 21. Kb1
Qa5 22. Bd6 Rd8 23. Be5 f6 24. Bg3 c5 25. Qe4 Qb6 26. d5 Kf7 27. dxe6+ Ke7 28.
g5 Qxe6 29. gxf6+ gxf6 30. Qb7+ Rd7 31. Rxd7+ Qxd7 32. Qxa6 Qd3+ 33. Kb2 Qd2+
34. Ka3 b4+ 35. Ka4 Qxa2+ 36. Kb5 Qe2+ 37. Ka5 1/2-1/2

[Event "Open Inverno"]
[Site "Ceriano Laghetto ITA"]
[Date "2009.03.03"]
[Round "5"]
[White "Ronconi, Fausto"]
[Black "Napoli, Ferdinando"]
[Result "1-0"]
[WhiteElo "1789"]
[BlackElo "1731"]
[PlyCount "49"]
[EventDate "2009.02.03"]

1. d4 Nf6 2. c4 g6 3. Nf3 Bg7 4. Nc3 d6 5. g3 O-O 6. Bg2 c6 7. O-O Qa5 8. Qd2
e5 9. dxe5 dxe5 10. Ne4 Qc7 11. Nxf6+ Bxf6 12. Ng5 Rd8 13. Qe3 Bg7 14. Ne4 Na6
15. Nc5 b6 16. Nxa6 Bxa6 17. b3 Rd7 18. Bh3 f5 19. Bb2 Rad8 20. f4 e4 21. Bxg7
Kxg7 22. Qc3+ Kh6 23. g4 Rd2 24. g5+ Kh5 25. Bg2 1-0

[Event "Open Inverno"]
[Site "Ceriano Laghetto ITA"]
[Date "2009.03.03"]
[Round "5"]
[White "Viale, Fabio"]
[Black "Veronelli, Franco"]
[Result "1/2-1/2"]
[WhiteElo "1818"]
[BlackElo "1617"]
[PlyCount "94"]
[EventDate "2009.02.03"]

1. d4 d5 2. c4 e6 3. Nc3 c5 4. cxd5 exd5 5. Nf3 Nc6 6. g3 Nf6 7. Bg2 Be7 8. O-O
O-O 9. dxc5 Bxc5 10. Na4 Be7 11. Be3 Qa5 12. a3 Rd8 13. b4 Qb5 14. Nc3 Qc4 15.
Bd4 Bg4 16. e3 Ne4 17. Rc1 Nxd4 18. Qxd4 Bxf3 19. Qxc4 dxc4 20. Nxe4 Bxg2 21.
Kxg2 Rac8 22. Rfd1 f5 23. Rxd8+ Rxd8 24. Rxc4 fxe4 25. Rc7 Bf6 26. Rxb7 Ra8 27.
a4 Kf8 28. g4 Bc3 29. b5 Ba5 30. Rd7 Bb6 31. h4 Rc8 32. a5 Bxa5 33. Rxa7 Bd8
34. Kg3 Rb8 35. Rd7 Ba5 36. Rd4 Rxb5 37. Rxe4 Be1 38. Rf4+ Ke7 39. Re4+ Kf7 40.
h5 Rb2 41. Rf4+ Ke7 42. Kg2 Bb4 43. Kf1 Bd6 44. Re4+ Kf7 45. Rd4 Be7 46. Rf4+
Ke6 47. Re4+ Kf7 1/2-1/2

[Event "Open Inverno"]
[Site "Ceriano Laghetto ITA"]
[Date "2009.03.10"]
[Round "6"]
[White "Bencivenga, Antonio"]
[Black "Pellegrini, Fabio"]
[Result "0-1"]
[WhiteElo "1407"]
[BlackElo "1423"]
[PlyCount "71"]
[EventDate "2009.02.03"]

1. d4 Nf6 2. Bf4 d5 3. Nf3 Nc6 4. c3 Bd7 5. h3 e6 6. e3 Be7 7. Be2 O-O 8. O-O
h6 9. c4 Bd6 10. Ne5 Nxe5 11. dxe5 Bxe5 12. Bxe5 Bc6 13. cxd5 Nxd5 14. Nc3 Nxc3
15. bxc3 Qg5 16. Bf3 Qxe5 17. Bxc6 bxc6 18. Qd4 Qd5 19. Rab1 c5 20. Qxd5 exd5
21. Rb7 Rfc8 22. Rfb1 c6 23. g3 g6 24. f3 Kg7 25. Kf2 Kf6 26. g4 h5 27. h4 a5
28. a4 Re8 29. R1b6 Rec8 30. Rd7 Ke6 31. Rbb7 Rf8 32. e4 dxe4 33. Re7+ Kf6 34.
Rxe4 Rad8 35. Rb2 Rd5 36. Kg2 0-1

[Event "Open Inverno"]
[Site "Ceriano Laghetto ITA"]
[Date "2009.03.10"]
[Round "6"]
[White "Clerici, Samuele"]
[Black "Ronconi, Fausto"]
[Result "1-0"]
[WhiteElo "1773"]
[BlackElo "1789"]
[PlyCount "101"]
[EventDate "2009.02.03"]

1. e4 e6 2. d4 d5 3. Nc3 dxe4 4. Nxe4 Nd7 5. c4 Ngf6 6. Nc3 b6 7. Nf3 Bb7 8.
Be2 c5 9. O-O cxd4 10. Nxd4 Ne5 11. Bf4 Ng6 12. Bg3 Bc5 13. Ndb5 O-O 14. Qb3
Ne4 15. Nxe4 Bxe4 16. Rfd1 Qf6 17. Qc3 Qg5 18. Bf3 Bxf3 19. Qxf3 Ne5 20. Bxe5
Qxe5 21. Qc3 Qf4 22. Nd4 Rad8 23. Nf3 Rd6 24. b4 Rfd8 25. Rxd6 Bxd6 26. Rd1 Qf6
27. Qxf6 gxf6 28. g3 Kf8 29. a3 Ke7 30. Nd4 Rd7 31. Nc6+ Ke8 32. Nxa7 Bxg3 33.
Rxd7 Bxf2+ 34. Kxf2 Kxd7 35. Nb5 f5 36. Nd4 Kd6 37. Nf3 h6 38. Kg3 e5 39. c5+
bxc5 40. bxc5+ Kd5 41. c6 f4+ 42. Kf2 Kxc6 43. Nxe5+ Kb5 44. Nxf7 Ka4 45. Nxh6
Kxa3 46. Kf3 Kb4 47. Kxf4 Kc5 48. Ke5 Kc6 49. h4 Kd7 50. Kf6 Ke8 51. Kg7 1-0

[Event "Open Inverno"]
[Site "Ceriano Laghetto ITA"]
[Date "2009.03.10"]
[Round "6"]
[White "Conta, Diego"]
[Black "Origgio, Stefano"]
[Result "1/2-1/2"]
[WhiteElo "1751"]
[BlackElo "1551"]
[PlyCount "162"]
[EventDate "2009.02.03"]

1. d4 Nf6 2. c4 e6 3. Nc3 Bb4 4. Qc2 c5 5. e3 O-O 6. a3 Bxc3+ 7. Qxc3 b6 8. Nf3
Bb7 9. Be2 Nc6 10. O-O Ne4 11. Qc2 f5 12. b3 Rc8 13. Bb2 cxd4 14. exd4 d6 15.
Rad1 Ne7 16. Nd2 Ng6 17. f3 Nxd2 18. Qxd2 f4 19. d5 e5 20. Bd3 Qg5 21. Qc2 Rcd8
22. Bxg6 hxg6 23. Bc3 Kf7 24. Rf2 Bc8 25. Kf1 Rh8 26. h3 Bf5 27. Qd2 Qe7 28.
Re1 g5 29. Ree2 Qd7 30. Ke1 Rhe8 31. Kf1 Rh8 32. Ke1 Rde8 33. Kd1 Rd8 34. Re1
Rhe8 35. Rfe2 Rc8 36. Rg1 b5 37. g4 Bg6 38. Qa2 bxc4 39. b4 Qa4+ 40. Kc1 Bd3
41. Rd2 e4 42. fxe4 Rxe4 43. Qb2 Rg8 44. Rgd1 f3 45. Rf2 Kg6 46. Re1 Rxe1+ 47.
Bxe1 Be2 48. Qc2+ Qxc2+ 49. Kxc2 Re8 50. a4 Re3 51. Bc3 Bd3+ 52. Kd2 Re2+ 53.
Rxe2 Bxe2 54. b5 Bd3 55. Ke3 f2 56. Kxf2 Be4 57. Bd4 Bxd5 58. Bxa7 c3 59. Be3
Bc4 60. b6 Ba6 61. Ke1 d5 62. Kd1 Kf7 63. Kc2 g6 64. Bxg5 Ke6 65. Kxc3 Kd6 66.
h4 Be2 67. a5 Kc6 68. Be3 Kb7 69. Kd4 Bxg4 70. Kxd5 Bf3+ 71. Kd6 Ka6 72. Kc7
Be4 73. Bg5 Bf3 74. Kd6 Be4 75. Ke5 Bc2 76. Kf6 Be4 77. Bd2 Bd3 78. Kg5 Be4 79.
h5 gxh5 80. Kxh5 Bf3+ 81. Kg5 Be4 1/2-1/2

[Event "Open Inverno"]
[Site "Ceriano Laghetto ITA"]
[Date "2009.03.10"]
[Round "6"]
[White "Kiszka, Jean Marc"]
[Black "De Dominicis, Arrigo"]
[Result "1-0"]
[WhiteElo "1452"]
[BlackElo "1390"]
[PlyCount "59"]
[EventDate "2009.02.03"]

1. c4 e5 2. Nc3 Bc5 3. g3 c6 4. Bg2 Qb6 5. e3 d6 6. a3 d5 7. cxd5 Nf6 8. dxc6
Nxc6 9. Nge2 O-O 10. O-O Be6 11. Na4 Qb5 12. Nxc5 Qxc5 13. b4 Qd6 14. Nc3 Qd3
15. h3 Bc4 16. Re1 Rab8 17. Qe2 Qxe2 18. Nxe2 e4 19. Bb2 Bd3 20. Bxf6 gxf6 21.
Rac1 f5 22. Nf4 Rbd8 23. Nxd3 Rxd3 24. b5 Na5 25. Rc5 Rxa3 26. Rxf5 Re8 27. Rd5
Nc4 28. Re2 Ra2 29. f3 exf3 30. Bxf3 1-0

[Event "Open Inverno"]
[Site "Ceriano Laghetto ITA"]
[Date "2009.03.10"]
[Round "6"]
[White "Moioli, Ferruccio"]
[Black "Fusi, Claudio"]
[Result "1-0"]
[WhiteElo "1584"]
[BlackElo "1586"]
[PlyCount "32"]
[EventDate "2009.02.03"]

1. d4 f5 2. c4 g6 3. Bf4 Nf6 4. Nf3 Bg7 5. Nc3 O-O 6. e3 d5 7. Nb5 Na6 8. Be2
c6 9. Nc3 Nh5 10. Be5 Nf6 11. O-O Nb8 12. Qb3 e6 13. Nh4 Nbd7 14. Bg3 Ne4 15.
Rab1 Nxg3 16. fxg3 Nf6 1-0

[Event "Open Inverno"]
[Site "Ceriano Laghetto ITA"]
[Date "2009.03.10"]
[Round "6"]
[White "Moroni, Luca jr"]
[Black "Annoni, Tiziano"]
[Result "0-1"]
[WhiteElo "1545"]
[BlackElo "1428"]
[PlyCount "72"]
[EventDate "2009.02.03"]

1. e4 e5 2. Nf3 Nc6 3. Bc4 Bc5 4. Nc3 Nf6 5. d3 a6 6. a3 d6 7. O-O O-O 8. Bg5
h6 9. Bh4 g5 10. Bg3 Bg4 11. h3 Bh5 12. Bh2 Nd4 13. g4 Bg6 14. Nd5 Ne6 15.
Nxf6+ Qxf6 16. Bxe6 fxe6 17. Nd2 Rf7 18. Bg3 Raf8 19. Qe2 Rh7 20. Kg2 h5 21.
Qf3 Qh8 22. Qe2 Qf6 23. b4 Bd4 24. Rab1 h4 25. Bh2 Be8 26. Nb3 Ba7 27. Qd2 Qf3+
28. Kg1 Qxh3 29. Qe2 Rhf7 30. d4 exd4 31. Rbd1 Bb5 32. Qd2 Qxg4+ 33. Kh1 Bxf1
34. Rxf1 d3 35. Rg1 Qf3+ 36. Rg2 h3 0-1

[Event "Open Inverno"]
[Site "Ceriano Laghetto ITA"]
[Date "2009.03.10"]
[Round "6"]
[White "Regorda, Massimiliano"]
[Black "Veronelli, Franco"]
[Result "1/2-1/2"]
[WhiteElo "1919"]
[BlackElo "1617"]
[PlyCount "81"]
[EventDate "2009.02.03"]

1. e4 e5 2. Nf3 Nf6 3. Nxe5 d6 4. Nf3 Nxe4 5. d4 d5 6. Bd3 Be7 7. O-O Nc6 8.
Nc3 Nxc3 9. bxc3 O-O 10. Re1 Bg4 11. h3 Bh5 12. g4 Bg6 13. Ne5 Bd6 14. f4 Bxd3
15. Qxd3 Qh4 16. Bd2 Rfe8 17. Kg2 Bxe5 18. dxe5 Qe7 19. Rab1 b6 20. Be3 Rad8
21. Rbd1 Qa3 22. Bd4 Qxa2 23. f5 Qc4 24. Qe3 Nxd4 25. Rxd4 Qa2 26. Re2 c5 27.
Rdd2 Qc4 28. e6 fxe6 29. fxe6 Qe4+ 30. Qxe4 dxe4 31. Rxd8 Rxd8 32. Rxe4 Re8 33.
Kf3 Kf8 34. Kf4 Ke7 35. Ke5 Rf8 36. Re3 a5 37. Rd3 Rd8 38. Rf3 Rf8 39. Rd3 Rd8
40. Re3 Rd6 41. Rf3 1/2-1/2

[Event "Open Inverno"]
[Site "Ceriano Laghetto ITA"]
[Date "2009.03.10"]
[Round "6"]
[White "Santarelli, Sabatino"]
[Black "Napoli, Ferdinando"]
[Result "0-1"]
[WhiteElo "1692"]
[BlackElo "1731"]
[PlyCount "74"]
[EventDate "2009.02.03"]

1. e4 c5 2. Nf3 d6 3. Bc4 e6 4. c3 Nf6 5. d3 Nc6 6. Bg5 Be7 7. h3 a6 8. a4 Bd7
9. Nbd2 Rc8 10. O-O O-O 11. Ba2 h6 12. Bh4 Qc7 13. Re1 Rfe8 14. Bg3 Nh7 15. Qc2
b5 16. axb5 axb5 17. Nb3 Qb6 18. Qe2 e5 19. Nbd2 Nf6 20. Kh1 Ra8 21. Nh4 Ra7
22. Bb3 Na5 23. Bc2 Rea8 24. f4 exf4 25. Bxf4 Nxe4 26. Qxe4 Bxh4 27. d4 f5 28.
Qd5+ Kh8 29. Re2 Qc6 30. Qxd6 Nc4 31. Qxc6 Rxa1+ 32. Kh2 Bxc6 33. Nxc4 bxc4 34.
dxc5 Re8 35. Rxe8+ Bxe8 36. Bxf5 Ra2 37. Be6 Rxb2 0-1

[Event "Open Inverno"]
[Site "Ceriano Laghetto ITA"]
[Date "2009.03.10"]
[Round "6"]
[White "Viale, Fabio"]
[Black "Guzzetti, Luigi Enrico"]
[Result "1/2-1/2"]
[WhiteElo "1818"]
[BlackElo "1854"]
[PlyCount "89"]
[EventDate "2009.02.03"]

1. d4 Nf6 2. c4 g6 3. Nc3 Bg7 4. e4 d6 5. Be2 O-O 6. Nf3 c6 7. O-O Qc7 8. h3
Nbd7 9. Be3 e5 10. Qd2 exd4 11. Nxd4 Nc5 12. Bf3 Re8 13. Qc2 Qe7 14. Bg5 Qe5
15. Bxf6 Qxf6 16. Rad1 Be6 17. Nxe6 Qxe6 18. b4 Na6 19. Qb3 Qe5 20. Ne2 Nc7 21.
Rd3 Ne6 22. Rfd1 Ng5 23. Ng3 Nxf3+ 24. Rxf3 h5 25. c5 h4 26. Qxf7+ Kh7 27. Nf1
Rf8 28. Qb3 Rxf3 29. Qxf3 dxc5 30. bxc5 Qxc5 31. Qg4 Rf8 32. Qxh4+ Kg8 33. Ne3
Bd4 34. Ng4 Bg7 35. Rd7 Qc1+ 36. Kh2 Qf4+ 37. Kg1 Qc1+ 38. Kh2 Qf4+ 39. g3 Qc1
40. Qe7 Qb2 41. Nh6+ Kh8 42. Nf7+ Kg8 43. Nh6+ Kh8 44. Ng4 Kg8 45. e5 1/2-1/2

[Event "Weekend Inverno"]
[Site "Roma ITA"]
[Date "2009.02.06"]
[Round "1"]
[White "Benocci, Umiliano"]
[Black "Prudenzano, Ruggero"]
[Result "0-1"]
[WhiteElo "1592"]
[BlackElo "1923"]
[PlyCount "64"]
[EventDate "2009.02.06"]

1. d4 Nf6 2. c4 c5 3. d5 b5 4. cxb5 a6 5. bxa6 Bxa6 6. g3 d6 7. Nc3 g6 8. Bg2
Bg7 9. Nf3 O-O 10. O-O Nbd7 11. Re1 Qb6 12. e4 Ng4 13. Qc2 Rfb8 14. h3 Nge5 15.
Nxe5 Nxe5 16. Na4 Qa7 17. Be3 Bd3 18. Qd1 Qxa4 19. f4 Bc2 20. Qe2 Nd3 21. b3
Qa5 22. Bd2 Qb6 23. e5 Nxe1 24. Rxe1 Rxa2 25. Kh2 Bxb3 26. exd6 exd6 27. f5
gxf5 28. Qe8+ Rxe8 29. Rxe8+ Bf8 30. Bh6 Rxg2+ 31. Kxg2 Bxd5+ 32. Kf1 Qb5+ 0-1

[Event "Weekend Inverno"]
[Site "Roma ITA"]
[Date "2009.02.06"]
[Round "1"]
[White "Bolla, Vittorio"]
[Black "Tinebra, Vincenzo"]
[Result "1-0"]
[WhiteElo "1850"]
[BlackElo "1464"]
[PlyCount "99"]
[EventDate "2009.02.06"]

1. e4 e5 2. Nf3 Nc6 3. Bb5 a6 4. Ba4 Nf6 5. O-O Be7 6. Re1 O-O 7. Bxc6 dxc6 8.
Nxe5 Re8 9. d4 c5 10. c3 cxd4 11. cxd4 b6 12. Nc6 Qd6 13. Nxe7+ Qxe7 14. Bg5
Qb4 15. Qd2 a5 16. a3 Qb5 17. Bxf6 gxf6 18. Nc3 Qd7 19. Nd5 Re6 20. Qf4 Qd6 21.
Rac1 Qxf4 22. Nxf4 Rd6 23. d5 c5 24. dxc6 Kf8 25. Nd5 Rb8 26. Red1 Ba6 27. c7
Rc8 28. f3 Bb7 29. Kf2 f5 30. Rd4 Rd7 31. Rcd1 Bxd5 32. Rxd5 Rdxc7 33. exf5
Rc2+ 34. R1d2 R2c7 35. f6 Rc2 36. g4 Rxd2+ 37. Rxd2 Ke8 38. g5 Rc6 39. h4 h6
40. f4 a4 41. Kf3 b5 42. Kg4 hxg5 43. fxg5 Rc4+ 44. Kg3 b4 45. axb4 Rxb4 46. h5
a3 47. bxa3 Rb3+ 48. Kg4 Rxa3 49. h6 Ra4+ 50. Kh5 1-0

[Event "Weekend Inverno"]
[Site "Roma ITA"]
[Date "2009.02.06"]
[Round "1"]
[White "Carnicelli, Valerio"]
[Black "Pica, Livia"]
[Result "1-0"]
[WhiteElo "1730"]
[BlackElo "1427"]
[PlyCount "81"]
[EventDate "2009.02.06"]

1. e4 e5 2. Nf3 Nc6 3. Bc4 h6 4. d4 exd4 5. Nxd4 Nf6 6. O-O Be7 7. Nc3 O-O 8.
Bf4 d6 9. Nxc6 bxc6 10. e5 dxe5 11. Bxe5 Bg4 12. Be2 Bxe2 13. Qxe2 Re8 14. Qd1
Nd5 15. Nxd5 cxd5 16. Bc3 c6 17. Re1 Bg5 18. Bd2 Bf6 19. Qg4 g5 20. h4 Kh7 21.
Qf5+ Kh8 22. Rxe8+ Qxe8 23. Qxf6+ Kh7 24. Re1 Qg8 25. Qf5+ Qg6 26. Qxg6+ Kxg6
27. hxg5 hxg5 28. Re5 f6 29. Re6 c5 30. Rc6 c4 31. Bc3 Rf8 32. b3 cxb3 33. axb3
Kf5 34. f3 Kg6 35. b4 Rf7 36. b5 Rf8 37. Bd4 Kf5 38. Bxa7 Ke5 39. b6 d4 40. b7
Kd5 41. Rc8 1-0

[Event "Weekend Inverno"]
[Site "Roma ITA"]
[Date "2009.02.06"]
[Round "1"]
[White "Carola, Paolo"]
[Black "Bernardinetti, Luca"]
[Result "1-0"]
[WhiteElo "1891"]
[BlackElo "1554"]
[PlyCount "45"]
[EventDate "2009.02.06"]

1. e4 e5 2. Nf3 Nc6 3. d4 exd4 4. Nxd4 Bc5 5. Be3 Qf6 6. c3 a5 7. Bc4 Nge7 8.
O-O O-O 9. f4 d6 10. Qd3 Rd8 11. Nb5 Bxe3+ 12. Qxe3 Rd7 13. Nd2 b6 14. Rae1 Ba6
15. e5 dxe5 16. fxe5 Qxe5 17. Qxe5 Nxe5 18. Rxe5 Bxb5 19. Bxb5 Rxd2 20. Rxe7
Rxb2 21. Bc4 Rd2 22. Rfxf7 Rd1+ 23. Rf1+ 1-0

[Event "Weekend Inverno"]
[Site "Roma ITA"]
[Date "2009.02.06"]
[Round "1"]
[White "Cavalli, Benedetta"]
[Black "Carotenuto, Piero"]
[Result "0-1"]
[WhiteElo "1422"]
[BlackElo "1724"]
[PlyCount "66"]
[EventDate "2009.02.06"]

1. e4 e5 2. Nf3 Nc6 3. Bc4 Bc5 4. b4 Bxb4 5. c3 Ba5 6. d4 exd4 7. O-O Nge7 8.
cxd4 O-O 9. d5 Nb8 10. Bd2 Bxd2 11. Qxd2 d6 12. h3 Nd7 13. Nc3 Ne5 14. Nxe5
dxe5 15. f4 Qd6 16. f5 Qc5+ 17. Kh2 Qxc4 18. Rac1 Qb4 19. Qg5 f6 20. Qg3 Bd7
21. h4 Nc8 22. h5 h6 23. Qf3 Nd6 24. Rfe1 c6 25. Rcd1 Rfd8 26. g4 Nf7 27. Rd2
cxd5 28. exd5 Rac8 29. Rc1 Ng5 30. Qe3 Qxg4 31. Rg2 Nf3+ 32. Kh1 Qh3+ 33. Rh2
Qxh2# 0-1

[Event "Weekend Inverno"]
[Site "Roma ITA"]
[Date "2009.02.06"]
[Round "1"]
[White "Di Paolantonio, Leonardo"]
[Black "Battistelli, Alessandro"]
[Result "1-0"]
[WhiteElo "1482"]
[BlackElo "1854"]
[PlyCount "111"]
[EventDate "2009.02.06"]

1. e4 e5 2. Nf3 d6 3. Bc4 Nc6 4. Nc3 Be7 5. d3 Nf6 6. Be3 Bg4 7. h3 Bh5 8. Qd2
Bxf3 9. gxf3 Na5 10. Bb3 Nxb3 11. axb3 d5 12. d4 exd4 13. Bxd4 dxe4 14. fxe4
Bb4 15. f3 c5 16. Be3 Qe7 17. Rg1 Rd8 18. Qf2 Qd7 19. Rxg7 Qxh3 20. Qg2 Qxg2
21. Rxg2 a5 22. Kf1 Bxc3 23. bxc3 b6 24. Bg5 Rg8 25. Bxf6 Rxg2 26. Kxg2 Rd2+
27. Kg3 Rxc2 28. c4 Rd2 29. Kg4 Kd7 30. Bg5 Rd3 31. Rb1 h5+ 32. Kg3 Ke6 33. Rb2
Ke5 34. Kg2 f5 35. f4+ Kxe4 36. Re2+ Re3 37. Kf2 Rxe2+ 38. Kxe2 h4 39. Bxh4
Kxf4 40. Bd8 Ke4 41. Bxb6 Kd4 42. Bxa5 Ke4 43. b4 cxb4 44. Bxb4 f4 45. c5 Kd5
46. Kf3 Kc6 47. Kxf4 Kd5 48. Kf5 Kc6 49. Ke6 Kc7 50. Kd5 Kd7 51. c6+ Kc7 52.
Ba5+ Kc8 53. Kd6 Kb8 54. Kd7 Ka8 55. c7 Ka7 56. Bb6+ 1-0

[Event "Weekend Inverno"]
[Site "Roma ITA"]
[Date "2009.02.06"]
[Round "1"]
[White "Franciosi, Claudio"]
[Black "Chiaretti, Roberto"]
[Result "0-1"]
[WhiteElo "1647"]
[BlackElo "2198"]
[PlyCount "60"]
[EventDate "2009.02.06"]

1. e4 c5 2. Nf3 e6 3. d4 cxd4 4. Nxd4 a6 5. Nc3 Qc7 6. Bg5 b5 7. a3 Bb7 8. Bd3
Bc5 9. Nce2 Ne7 10. O-O Nbc6 11. Nxc6 Nxc6 12. Qd2 Ne5 13. Bf4 O-O 14. Rac1
Rac8 15. Kh1 f5 16. exf5 Qc6 17. f3 Nxf3 18. Nd4 Nxd4 19. Be3 Nxf5 20. Bxc5
Qxc5 21. Bxf5 Rxf5 22. Qxd7 Qd5 23. Qxd5 Rxd5 24. Rf2 Rcd8 25. Rcf1 Rd2 26. Kg1
e5 27. b3 e4 28. Rf7 Bd5 29. Re7 e3 30. Re1 Rxg2+ 0-1

[Event "Weekend Inverno"]
[Site "Roma ITA"]
[Date "2009.02.06"]
[Round "1"]
[White "Franciosi, Fausto"]
[Black "Tamburrini, Andrea"]
[Result "1-0"]
[WhiteElo "1869"]
[BlackElo "1499"]
[PlyCount "65"]
[EventDate "2009.02.06"]

1. d4 d5 2. c4 Nc6 3. cxd5 Qxd5 4. e3 e5 5. Nc3 Bb4 6. Bd2 Bxc3 7. Bxc3 exd4 8.
Ne2 Nf6 9. Nxd4 O-O 10. Nb5 Rd8 11. Bxf6 Qxd1+ 12. Rxd1 Rxd1+ 13. Kxd1 gxf6 14.
Nxc7 Rb8 15. Nb5 a6 16. Nc3 Be6 17. Kc1 Rc8 18. Be2 Nb4 19. Kb1 Bc4 20. Bxc4
Rxc4 21. Rd1 Rc7 22. Rd6 Kg7 23. a3 Nc6 24. Nd5 Rc8 25. Nxf6 Ne5 26. Ne4 Rc7
27. Rd5 Re7 28. b3 h6 29. h3 Nd7 30. Nd6 Kg6 31. Nf5 Re4 32. Rxd7 Kxf5 33.
Rxf7+ 1-0

[Event "Weekend Inverno"]
[Site "Roma ITA"]
[Date "2009.02.06"]
[Round "1"]
[White "Iandolo, Marco"]
[Black "Giovanzanti, Francesco"]
[Result "1-0"]
[WhiteElo "1975"]
[BlackElo "1596"]
[PlyCount "89"]
[EventDate "2009.02.06"]

1. Nf3 Nf6 2. g3 Nc6 3. c4 e5 4. d3 d6 5. Bg2 Be6 6. Nc3 Be7 7. Rb1 Qd7 8. Ng5
O-O 9. Nxe6 fxe6 10. O-O d5 11. cxd5 exd5 12. Qb3 Na5 13. Qb5 Qxb5 14. Nxb5
Rfc8 15. Nc3 Rd8 16. Bg5 d4 17. Bxf6 Bxf6 18. Nd5 Rd7 19. Nxf6+ gxf6 20. Rfc1
Rb8 21. b4 Nc6 22. Bxc6 bxc6 23. Rxc6 Rb6 24. Rc4 c6 25. Rbc1 Rc7 26. a3 Kf7
27. Rc5 Ke7 28. b5 Kd6 29. Rxc6+ Rbxc6 30. bxc6 Rxc6 31. Rb1 Rb6 32. Rc1 Rc6
33. Rb1 Rb6 34. Ra1 Rb2 35. Kf1 Kc5 36. f4 Kb5 37. fxe5 fxe5 38. g4 Ka4 39. h4
Rb6 40. Kg2 Rf6 41. Kg3 Kb3 42. g5 Rf7 43. Rc1 Kxa3 44. Rc5 a5 45. Rxa5+ 1-0

[Event "Weekend Inverno"]
[Site "Roma ITA"]
[Date "2009.02.06"]
[Round "1"]
[White "Marocco, Andrea"]
[Black "Vertechi, Pietro"]
[Result "0-1"]
[WhiteElo "1533"]
[BlackElo "1882"]
[PlyCount "54"]
[EventDate "2009.02.06"]

1. e4 e6 2. d4 d5 3. e5 c5 4. c3 Nc6 5. Nf3 Bd7 6. a4 Qb6 7. Be2 cxd4 8. cxd4
Nge7 9. O-O Nf5 10. Bb5 a6 11. Bxc6 bxc6 12. Nc3 c5 13. dxc5 Bxc5 14. a5 Qb7
15. Na4 Ba7 16. Bd2 O-O 17. b4 Rac8 18. Nb2 Rc7 19. Qb3 Nd4 20. Nxd4 Bxd4 21.
Bf4 Qa7 22. Be3 Rfc8 23. Rfe1 Rc3 24. Bxd4 Qxd4 25. Qd1 Qxb4 26. Nd3 Qc4 27.
Rc1 Qxd3 0-1

[Event "Weekend Inverno"]
[Site "Roma ITA"]
[Date "2009.02.06"]
[Round "1"]
[White "Milani, Patrizia"]
[Black "Maddaloni, Giovanni"]
[Result "0-1"]
[WhiteElo "1458"]
[BlackElo "1843"]
[PlyCount "90"]
[EventDate "2009.02.06"]

1. e4 Nf6 2. Nc3 d6 3. d4 g6 4. Be3 Bg7 5. h3 a6 6. Nf3 O-O 7. Qd2 b5 8. a3 Bb7
9. d5 c5 10. b4 cxb4 11. axb4 Nxe4 12. Nxe4 Bxa1 13. Bh6 Bg7 14. Bxg7 Kxg7 15.
Qd4+ Kg8 16. Bd3 Nd7 17. Neg5 Qb6 18. Qh4 Nf6 19. Be4 a5 20. O-O axb4 21. Rd1
Ra2 22. Nd4 Rfa8 23. Kh2 Ra1 24. Rd2 b3 25. Nxb3 Re1 26. Bf3 Rc8 27. Nd4 Rc4
28. Qf4 Ra4 29. g4 Bc8 30. h4 Kg7 31. h5 gxh5 32. gxh5 h6 33. Nh3 Raa1 34. Nf5+
Bxf5 35. Qxf5 Qc5 36. Qf4 Qc4 37. Qg3+ Kf8 38. Nf4 Qb4 39. Rd3 Qb1 40. Qg2 Qxc2
41. Be2 b4 42. Ne6+ fxe6 43. dxe6 Rh1+ 44. Kg3 Rhg1 45. Qxg1 Rxg1+ 0-1